| 000 | 00755nam a2200253 i 4500 | ||
|---|---|---|---|
| 001 | C2-0249632 | ||
| 003 | PPAK | ||
| 005 | 20180727213527.0 | ||
| 008 | 030520s1991 my a|||| ||||| | may d | ||
| 020 | _a9836221131 | ||
| 040 |
_aPPAK _beng _cPPAK _erda |
||
| 082 | 0 | 4 |
_a302.2 _223 |
| 090 | 0 | 0 |
_a302.2 _bEVE _dG |
| 100 | 1 |
_aEverett, Rogers M., _eauthor |
|
| 245 | 1 | 0 |
_aTeknologi komunikasi : _bmedia baru dalam masyarakat |
| 264 | 1 |
_aKuala Lumpur : _bDewan Bahasa dan Pustaka , _c1991 |
|
| 300 |
_axiii, 321 pages : _billustrations ; _c21 cm |
||
| 336 |
_2rdacontent _atext |
||
| 337 |
_2rdamedia _aunmediated |
||
| 338 |
_2rdacarrier _avolume |
||
| 500 | _aMengandungi indeks dan bibliografi | ||
| 650 | 1 | 0 | _aInformation technology |
| 942 |
_ddc _cB |
||
| 999 |
_c63064 _d63064 |
||